La caracterología
Saved in:
| Hovedforfatter: | |
|---|---|
| Format: | Bog |
| Sprog: | spansk |
| Udgivet: |
Buenos Aires
Paidós
1959
|
| Serier: | Biblioteca del hombre contemporáneo, 23
|
| Fag: | |
| Tags: |
Tilføj Tag
Ingen Tags, Vær først til at tagge denne postø!
|
MARC
| LEADER | 00000nam a2200000 a 4500 | ||
|---|---|---|---|
| 001 | UCY6475 | ||
| 003 | CL-VaPUC | ||
| 008 | 950526e19590000AG |||||||||||||||||spa|d | ||
| 082 | 0 | 4 | |a 155.2 |b PAL |2 21 |
| 100 | |a Palmade, Guy |e autor |9 336414 | ||
| 245 | 1 | 3 | |a La caracterología |
| 300 | |a 134 p | ||
| 942 | |c BK | ||
| 945 | |d 19950526 00:00:00 |a cmena | ||
| 260 | |a Buenos Aires |b Paidós |c 1959 | ||
| 650 | 0 | |a Psicología |9 257863 | |
| 650 | 0 | |a Personalidad |9 307255 | |
| 650 | 0 | |a Psicología individual |9 309049 | |
| 650 | 0 | |a Psicoanálisis |9 265702 | |
| 650 | 0 | |a Naturaleza humana |9 308593 | |
| 650 | 7 | |a CARACTERIOLOGIA |2 CL-VaPUC |9 334613 | |
| 583 | |a last modification |c 19950526 00:00:00 |k Rodrigo Vera | ||
| 490 | 0 | |a Biblioteca del hombre contemporáneo, 23 | |
| 999 | |c 234040 |d 234038 | ||
| 952 | |0 0 |1 0 |4 0 |6 155_200000000000000_PAL_1959 |7 0 |8 P |9 239977 |a BIBEDU |b BIBEDU |c BIBEDU_PB |d 2019-11-18 |i 1510045 |o 155.2 PAL 1959 |p 1510045 |r 2024-01-25 |w 2019-11-18 |y BK |k EDU | ||
| 952 | |0 0 |1 0 |4 0 |6 155_200000000000000_PAL_1959 |7 0 |8 P |9 239978 |a BIBEDU |b BIBEDU |c BIBEDU_PB |d 2019-11-18 |i 1510037 |o 155.2 PAL 1959 |p 1510037 |r 2024-01-25 |w 2019-11-18 |y BK |k EDU | ||
| 952 | |0 0 |1 0 |4 0 |6 155_200000000000000_PAL_1959 |7 0 |8 P |9 239979 |a BIBEDU |b BIBEDU |c BIBEDU_PB |d 2019-11-18 |i 3104508 |o 155.2 PAL 1959 |p 3104508 |r 2024-01-25 |w 2019-11-18 |y BK |k FIL | ||
| 952 | |0 0 |1 0 |4 0 |6 155_200000000000000_PAL_1959 |7 0 |8 P |9 239980 |a BIBEDU |b BIBEDU |c BIBEDU_PB |d 2019-11-18 |i 1632264 |o 155.2 PAL 1959 |p 1632264 |r 2024-01-25 |w 2019-11-18 |y BK |k EDU | ||